000 00583nam a2200217Ia 4500
005 20250428125745.0
008 250408s9999 xx 000 0 und d
037 _aTextbook
040 _aLCO
_beng
_cLCO
041 _aeng
_2eng
084 _aV2:57:(Z) R2
_qLCO
100 _aDiwan, Madhavi Goradia
_9753178
245 0 _aFacts of Media Law
_c Madhavi Goradia Diwan
250 _a3rd
260 _aLucknow, India
_bEastern Book Company
_c2022
300 _a939
365 _aINR
_b1495
650 _aLaw
942 _cTB
_hV2:57:(Z) R2
999 _c1309488
_d1309488